000 01930cam a2200421Mi 4500
001 on1003839834
003 OCoLC
005 20250408194722.0
008 170911r20161998nyu 000 0 und d
020 _a1536400246
020 _a9781518195815
_q(FollettBound)
020 _a9781536400243
020 _z1631981234
020 _z9781631981234
040 _aCHILD
_beng
_erda
_cCHILD
_dJRX
_dOCLCO
_dUtOrBLW
100 1 _aGainer, Cindy
_eauthor.
245 1 0 _aYo soy como tu, tu eres como yo / :
_bI'm like you, you're like me /
_cCindy Gainer ; illustrated by Miki Sakamoto.
246 3 _aI'm like you, you're like me
260 _aNew York :
_bFree Spirit Publishing,
_c2016, 1998.
264 1 _aNew York :
_bFree Spirit Publishing,
_c2016, 1998.
300 _a46 pages :
_bcolor illustrations ;
_c24 cm.
336 _atext
_btxt
_2rdacontent.
337 _aunmediated
_bn
_2rdamedia.
338 _avolume
_bnc
_2rdacarrier.
340 _2rdaill.
520 _aIn this colorful, inviting English-Spanish book, kids from preschool to lower elementary learn about diversity in terms they can understand: hair that s straight or curly, families with many people or few, bodies that are big or small. With its wide-ranging examples and fun, highly detailed art, I m Like You, You re Like Me/ Yo soy como tu, tu eres como yo helps kids appreciate the ways they are alike and affirm their individual differences.
521 2 _aPK1.
521 8 _aAD 440
_bLexile.
546 _aIn Spanish and English.
650 0 _aIndividual differences in children
_vJuvenile literature.
650 0 _aIndividuality.
650 0 _aInterpersonal relations in children
_vJuvenile literature.
650 0 _aSimilarity (Psychology)
_vJuvenile literature.
655 7 _aMateriales en espa©łol
_xBiling©ơes.
_2cstr.
655 7 _aSpanish language materials
_xBilingual.
_2cstr.
700 1 _aSakamoto, Miki
_eillustrator.
942 _cBK
999 _c30941
_d30939